فى رحاب رجالات الحركة الوطنية السودانية : (رقم التسجيلة. 87430)

تفاصيل مارك
000 -LEADER
fixed length control field 01032nam a2200241 a 4500
003 - CONTROL NUMBER IDENTIFIER
control field EG-GiCUC
008 - FIXED-LENGTH DATA ELEMENTS--GENERAL INFORMATION
fixed length control field 061015s2001 ua fo g 000 0 ara d
040 ## - CATALOGING SOURCE
Original cataloging agency EG-GiCUC
Language of cataloging ara
Transcribing agency EG-GiCUC
043 ## - GEOGRAPHIC AREA CODE
Geographic area code f-sj---
092 04 - LOCALLY ASSIGNED DEWEY CALL NUMBER (OCLC)
Classification number 610.92
Item number S2758
Edition number 21
099 ## - LOCAL FREE-TEXT CALL NUMBER (OCLC)
Classification number 04
-- 610.92 S2758
100 1# - MAIN ENTRY--PERSONAL NAME
Personal name السيد : ايمن كمال امين
245 10 - TITLE STATEMENT
Title فى رحاب رجالات الحركة الوطنية السودانية :
Remainder of title الدكتور امين السيد سيرته ودوره فى تطور الخدمات الطبية خلال الفترة 1954-1958 /
Statement of responsibility, etc. ايمن كمال امين السيد
250 ## - EDITION STATEMENT
Edition statement ط1
260 ## - PUBLICATION, DISTRIBUTION, ETC.
Place of publication, distribution, etc. القاهرة :
Name of publisher, distributor, etc. مطبعة ندى الحديثة بالقاهرة :
Date of publication, distribution, etc. 2001
300 ## - PHYSICAL DESCRIPTION
Extent 154ص : [11] ورقة لوحات :
Other physical details صور ؛
Dimensions 30سم
504 ## - BIBLIOGRAPHY, ETC. NOTE
Bibliography, etc. note يشتمل على ارجاعات ببليوجرافية
600 10 - SUBJECT ADDED ENTRY--PERSONAL NAME
Personal name السيد : ايمن كمال امين
610 10 - SUBJECT ADDED ENTRY--CORPORATE NAME
Corporate name or jurisdiction name as entry element السودان.
Subordinate unit وزارة الصحة
902 ## - LOCAL DATA ELEMENT B, LDB (RLIN)
No. of Items 1
905 ## - LOCAL DATA ELEMENT E, LDE (RLIN)
Cataloger شكرية
Reviser مدخل
942 ## - ADDED ENTRY ELEMENTS (KOHA)
Source of classification or shelving scheme Dewey Decimal Classification
Koha item type Books
المقتنيات
Source of classification or shelving scheme Not for loan Home library Current library Date acquired Full call number Barcode Date last seen Copy number Koha item type
Dewey Decimal Classification   المكتبة المركزبة الجديدة - جامعة القاهرة مخزن الكتب - البدروم 11.02.2024 610.92 S2758 Store 01000100112646000 22.09.2023 C.1 Books
Cairo University Libraries Portal Implemented & Customized by: Eng. M. Mohamady Contacts: new-lib@cl.cu.edu.eg | cnul@cl.cu.edu.eg
CUCL logo CNUL logo
© All rights reserved — Cairo University Libraries
CUCL logo
Implemented & Customized by: Eng. M. Mohamady Contact: new-lib@cl.cu.edu.eg © All rights reserved — New Central Library
CNUL logo
Implemented & Customized by: Eng. M. Mohamady Contact: cnul@cl.cu.edu.eg © All rights reserved — Cairo National University Library